| 000 | 00610 a2200217 4500 | ||
|---|---|---|---|
| 003 | Nust | ||
| 005 | 20170207153155.0 | ||
| 010 | _a 00282015 | ||
| 020 | _a9694961106 | ||
| 035 | _a(DLC) 00282015 | ||
| 040 | _cNust | ||
| 082 | _a891.4391 | ||
| 100 | 1 | _aChaudhary Javed. | |
| 245 | 1 | 0 |
_aZero point _c Chaudhary Javed. |
| 260 |
_a Islamabad: _bDost Pub _c2000-<2009> |
||
| 300 |
_av. <1, 3-6> ; _c22 cm. |
||
| 520 | _aCollected columns on socio-political situations in Pakistan. | ||
| 650 | _aUrdu Literature | ||
| 651 | 0 |
_aPakistan _xPolitics and government _y1988- |
|
| 651 | 0 |
_aPakistan _xSocial conditions. |
|
| 942 |
_2ddc _cBK |
||
| 999 |
_c180727 _d180727 |
||